5HLuxD.jpg

KING HENRY VIII SENIOR AND PRIMARY SCHOOL LIBRARY OPAC

The eye of the tiger / (Record no. 2835)

000 -LEADER
fixed length control field 01030cam a2200337 i 4500
001 - CONTROL NUMBER
control field 017278700
003 - CONTROL NUMBER IDENTIFIER
control field UkOxU
005 - DATE AND TIME OF LATEST TRANSACTION
control field 20230823113202.0
008 - FIXED-LENGTH DATA ELEMENTS--GENERAL INFORMATION
fixed length control field 051118s2005 enka 000 0 eng
020 ## - INTERNATIONAL STANDARD BOOK NUMBER
International Standard Book Number 1405072938
020 ## - INTERNATIONAL STANDARD BOOK NUMBER
International Standard Book Number 9781405072939
035 ## - SYSTEM CONTROL NUMBER
System control number (OCoLC)ocn156542853
Canceled/invalid control number (OCoLC)156542853
040 ## - CATALOGING SOURCE
Description conventions rda
Modifying agency UkOxU
Transcribing agency KH8
082 04 - DEWEY DECIMAL CLASSIFICATION NUMBER
Classification number 428.6 SMI
Edition number 22
090 ## - LOCALLY ASSIGNED LC-TYPE CALL NUMBER (OCLC); LOCAL CALL NUMBER (RLIN)
Classification number (OCLC) (R) ; Classification number, CALL (RLIN) (NR) PR9405.9.S5
Local cutter number (OCLC) ; Book number/undivided call number, CALL (RLIN) E943 2005
100 1# - MAIN ENTRY--PERSONAL NAME
Personal name Smith, Wilbur A,
Relator term author.
245 14 - TITLE STATEMENT
Title The eye of the tiger /
Statement of responsibility, etc. Wilbur Smith.
264 #1 - PRODUCTION, PUBLICATION, DISTRIBUTION, MANUFACTURE, AND COPYRIGHT NOTICE
Place of production, publication, distribution, manufacture Oxford [England] :
Name of producer, publisher, distributor, manufacturer Macmillan Heinemann ELT,
Date of production, publication, distribution, manufacture, or copyright notice 2005.
264 #4 - PRODUCTION, PUBLICATION, DISTRIBUTION, MANUFACTURE, AND COPYRIGHT NOTICE
Date of production, publication, distribution, manufacture, or copyright notice ©2005
300 ## - PHYSICAL DESCRIPTION
Extent 78 pages :
Other physical details illustrations ;
Dimensions 20 cm
336 ## - CONTENT TYPE
Content type term text
Source rdacontent
337 ## - MEDIA TYPE
Media type term unmediated
Source rdamedia
338 ## - CARRIER TYPE
Carrier type term volume
Source rdacarrier
490 1# - SERIES STATEMENT
Series statement Macmillan readers. Intermediate level.
650 #0 - SUBJECT ADDED ENTRY--TOPICAL TERM
Topical term or geographic name entry element English language
Form subdivision Textbooks for foreign speakers.
650 #0 - SUBJECT ADDED ENTRY--TOPICAL TERM
Topical term or geographic name entry element Readers.
650 #0 - SUBJECT ADDED ENTRY--TOPICAL TERM
Topical term or geographic name entry element Readers for new literates.
650 #0 - SUBJECT ADDED ENTRY--TOPICAL TERM
Topical term or geographic name entry element Short stories.
830 #0 - SERIES ADDED ENTRY--UNIFORM TITLE
Uniform title Macmillan readers.
Name of part/section of a work Intermediate level.
942 ## - ADDED ENTRY ELEMENTS (KOHA)
Source of classification or shelving scheme
Koha item type Teaching Resources
Holdings
Withdrawn status Lost status Source of classification or shelving scheme Damaged status Not for loan Collection code Permanent Location Current Location Shelving location Date acquired Total Checkouts Full call number Barcode Date due Date last seen Date last checked out Price effective from Koha item type
          Teaching Resources KH8 Senior School Library KH8 Senior School Library Staff Office 2023-08-23 1 428.6 SMI TRKHSL002256 2025-07-04 2024-11-08 2024-11-08 2023-08-23 Teaching Resources

Powered By KH8 IT Dept